00422nam a2200121Ia 45000010005000000080041000050820020000461000010000662450158000762600024002349010027002589990015002854462241024s9999 xx 000 0 und d aRD/378.71/IN61p aINTEC 0aPresentación estudio de línea base "programa formación y acompañamiento docente centrado en la escuela" Distrito Educativo 15-04 / INTEC / MINERD bSanto Domingoc2014 a5/10/2016 9:08:20 a.m. c8374d8374